Catalog

Record Details

Catalog Search



Es komme mir keiner mit Tatsachen = = Runway world Cover Image Book Book

Es komme mir keiner mit Tatsachen = = Runway world Michael Green

Green, Daniel (Author).

Record details

  • ISBN: 3-7751-0113-6
  • Physical Description: 148 S.
  • Edition: 3. Aufl.
  • Publisher: Neuhausen Hänssler Verlag 1973

Available copies

  • 1 of 1 copy available at Common Catalog SPOK.

Holds

  • 0 current holds with 1 total copy.
Show All Copies
Location Call Number / Copy Notes Barcode Shelving Location Status Due Date
ETS Library 239 424470008927 Volný výběr Available -

LDR 00693nam a2 00265
00142354
003CZ-PrJAB
00520040331000000.0
008010223s1973 xr e |||| |ger
009ge
020 . ‡a3-7751-0113-6
035 . ‡a(CONS)2460
035 . ‡aKPS8177
040 . ‡aABG450
041 . ‡ager
08214. ‡a239
100 . ‡71183 ‡aGreen, Daniel
245 . ‡aEs komme mir keiner mit Tatsachen = ‡b= Runway world ‡cMichael Green
250 . ‡a3. Aufl.
260 . ‡aNeuhausen ‡bHänssler Verlag ‡c1973
300 . ‡a148 S.
490 . ‡aTelos
653 . ‡aEs komme mir keiner mit Tatsachen
8524 . ‡bETS ‡bETS ‡cVolný výběr ‡j239 ‡gA ‡p424470008927
910 . ‡aABG450
999 . ‡a2460 ‡bAUTOGEN ‡c2460 ‡tbiblio
905 . ‡uadmin
901 . ‡a42354 ‡b ‡c42354 ‡tbiblio ‡sets

Additional Resources